000 00684nam a2200157 a 4500
008 160907s2015 ||||||||||||||||| || u
050 _aCBU-PG THESIS/HAM
100 _aHamachila, Voice
245 1 4 _aThe effects of technology on students' proficiency in spatial visualisation and reasoning in learning geometric transformations.
_cby Voice Hamachila
260 _aKitwe
_bCopperbelt University
_c2015
300 _avii, 63p.: ill.
500 _aBibliography
650 0 _aEDUCATIONAL TECHNOLOGY
650 _aEDUCATIONAL TECHNOLOGY--ZAMBIA
995 _FCBU-MAIN LIBRARY (Kitwe)
_M1
_UAVAILABLE
_WSep 7, 2016
_ZUniversity Collection
999 _c41371
_d41371